• 首页
  • 本馆介绍
  • 公告通知
  • 最新文献
  • 馆藏检索
  • 电子资源
  • 读者导购
  • 参考咨询
  • 我的图书馆
  • 登录
  • 详细信息显示
  • 放入我的书架
  • 预约/预借图书
  • 作者相关作品
  • 分类相关作品
  • 丛书相关作品
  • 出版社相关作品

书目信息

  • 表格格式
  • 工作单格式
  • 卡片格式
题名:
高血压病中医调治157问
    
 
作者: 尹国有 主编
分册:  
出版信息: 北京   金盾出版社  2009
页数: 302页
开本: 21cm
丛书名: 中医调治答疑丛书
单 册:
中图分类: R259.441
科图分类:
主题词: 高血压--中医治疗法 , 高血压 , 中医治疗法
电子资源:
ISBN: 978-7-5082-5626-9
000 00941oam2 2200277 45
001 1033021843
005 20100407170833.18
010    @a978-7-5082-5626-9@dCNY18.00
100    @a20100331d2009 em y0chiy50 ea
101 0  @achi
102    @aCN@b110000
105    @aa z 000yy
106    @ar
200 1  @a高血压病中医调治157问@AGao Xue Ya Bing Zhong Yi Tiao Zhi 157 Wen@f尹国有主编@FYin Guo You Zhu Bian
210    @a北京@c金盾出版社@d2009
215    @a302页@c图@d21cm
225 2  @a中医调治答疑丛书
330    @a本书以问答的形式,简要介绍了高血压病的基础知识,阐述了中医调治高血压病的多种方法,认真细致地解答了高血压病患者在治疗调养高血压过程中可能遇到的问题。
461  0 @12001 @a中医调治答疑丛书
606 0  @a高血压@x中医治疗法
606 0  @a高血压
606 0  @a中医治疗法
690    @aR259.441@v4
701  0 @a尹国有@AYin Guo You@c(医学)@4主编
801  0 @aCN@bTANGWEI@c20100407
905    @b0587595-99@dR259.441@e254@f5
    
    高血压病中医调治157问/尹国有主编.-北京:金盾出版社,2009
    302页:图;21cm.-(中医调治答疑丛书)
    
    
    ISBN 978-7-5082-5626-9:CNY18.00
    本书以问答的形式,简要介绍了高血压病的基础知识,阐述了中医调治高血压病的多种方法,认真细致地解答了高血压病患者在治疗调养高血压过程中可能遇到的问题。
●
相关链接 在E读中查询图书 在五车中查询图书 在当当中查询图书 在豆瓣中查询图书


正题名:高血压病中医调治157问     索取号:R259.441/254         预约/预借

序号 登录号 条形码 馆藏地/架位号 状态 备注
1 0587595   205875953   第二样本阅览室/ [索取号:R259.441/254] 在馆    
2 0587596   205875962   第三借阅区/ [索取号:R259.441/254] 在馆    
3 0587597   205875971   第三借阅区/ [索取号:R259.441/254] 在馆    
4 0587598   205875980   第三借阅区/ [索取号:R259.441/254] 在馆    
5 0587599   205875999   第三借阅区/ [索取号:R259.441/254] 在馆    
唐山师范学院图书馆 欢迎您!
大连网信软件有限公司© 版权所有